| 000 | 00749nam a22002175a 4500 | ||
|---|---|---|---|
| 003 | OSt | ||
| 005 | 20170220151658.0 | ||
| 008 | 161120s2010 ua frb 000 0 ara d | ||
| 040 |
_aEG-ScBUE _bara _cEG-ScBUE |
||
| 043 | _a345.62 | ||
| 082 | 0 | 4 |
_222 _bي و س _a345.62 |
| 100 | 1 | _aيوسف، مصطفى. | |
| 245 | 1 | 0 |
_aأساليب تنفيذ العقوبة وضماناته : _bدراسة مقارنة / _cمصطفى يوسف. |
| 260 |
_aالقاهرة : _bدار النهضة العربية، _c2010. |
||
| 300 |
_a197 ص. ؛ _c24 سم. |
||
| 504 | _aيشتمل على إرجاعات ببليوجرافية. | ||
| 650 | 7 |
_aقانون العقوبات _zمصر. _2BUEsh _941137 |
|
| 651 | _2BUEsh | ||
| 653 |
_bLLAAWW _cFebruary2017 |
||
| 942 | _2ddc | ||
| 999 |
_c24211 _d24183 |
||